| 000 | 01238nam a22003377i 4500 | ||
|---|---|---|---|
| 003 | DO-SdBNP | ||
| 005 | 20250211122733.0 | ||
| 007 | ta | ||
| 008 | 091120s1999 pr 000 0 spa d | ||
| 020 | _a1881715604 | ||
| 040 |
_aDO-SdBNP _bspa _cBNPHU _erda |
||
| 041 | _aspa | ||
| 082 | 4 |
_aRD863.44 _bV145b 1999 _222 |
|
| 100 | 1 |
_aValdez, Pedro Antonio, _d1968- _eautor _4aut. _922509 |
|
| 245 | 1 | 0 |
_aBachata del ángel caído / _cPedro Antonio Valdez ; corrección, Héctor Iván Moncloca ; colaboración, Angel Rosa Vélez |
| 264 | 4 |
_aSan Juan, Puerto Rico : _bEditora Isla Negra, _c©1999. |
|
| 300 |
_a187 páginas ; _c22 cm. |
||
| 336 |
_atexto _btxt _2rdacontent |
||
| 337 |
_asin mediación _bn _2rdamedia |
||
| 338 |
_avolumen _bnc _2rdacarrier |
||
| 490 | 0 | _aColección La montaña de papel | |
| 500 | _aIncluye datos biográficos del autor en la solapa de la cubierta | ||
| 586 | _aPremio Nacional de Novela | ||
| 590 | _aInventariado, 2020/VM | ||
| 650 | 4 |
_aNovela dominicana _9223 |
|
| 650 | 4 |
_aLiteratura dominicana. _967 |
|
| 700 | 1 |
_aMoncloca, Héctor Iván, _ecorrector _4corr. _986960 |
|
| 700 | 1 |
_aVélez, Angel Rosa, _ecolaborador _4col. _986961 |
|
| 910 | _aValidado. Control de calidad MMOLINA | ||
| 942 |
_2ddc _cLBS1 |
||
| 999 |
_c48918 _d48918 |
||